000 00575nam a2200229Ia 4500
003 OSt
005 20220928104711.0
006 a|||||r|||| 00| 0
007 ta
008 220927b |||||||| |||| 00| 0 eng d
024 _a51418
037 _cTextual
040 _aSDCL
_cSDCL
_beng
041 _2eng
_aeng
082 _aR40aA, M1
100 _aHaller Rudolf
_9411603
245 0 _aScience and Ethics .
260 _aAmsterdam
_bRodopi
_c1981
300 _a298p.
_ccm.
942 _hR40aA, M1
_cTEXL
_2CC
999 _c727293
_d727293